Man and culture : an evaluation of the work of Bronislaw Malinowski

Αποθηκεύτηκε σε:
Λεπτομέρειες βιβλιογραφικής εγγραφής
Άλλοι συγγραφείς: Firth, Raymond William 1901- (Επιμελητής έκδοσης)
Μορφή: Βιβλίο
Γλώσσα:English
Δημοσίευση: London : Routledge and Kegan Paul, 1980
Θέματα:
Ετικέτες: Προσθήκη ετικέτας
Δεν υπάρχουν, Καταχωρήστε ετικέτα πρώτοι!

MARC

LEADER 00000nam a2200000 i 4500
001 1/82248
008 950109s1980 eng d
020 |a 0-7100-1376-0 
035 |l 10005467 
040 |a GR-MY-UA  |b gre  |e aacr 
041 0 |a eng 
082 0 |a 306.0924 
245 1 0 |a Man and culture :  |b an evaluation of the work of Bronislaw Malinowski /  |c Edited by Raymond Firth 
260 |a London :   |b Routledge and Kegan Paul,   |c 1980 
300 |a 292 p. 
504 |a Includes bibliographical references and index 
600 1 0 |a Malinowski Bronislaw  |d 1884-1942. 
650 0 0 |a Ethnology. 
650 0 0 |a Social systems. 
650 0 0 |a Economic anthropology. 
700 1 |a Firth, Raymond William  |d 1901-  |4 edt 
852 |a INST  |b LESVOS  |e 19950109  |h 306.0924 MAN  |p 005100003267  |q 005100003267  |t BK  |y 0 
909 |a Λ  |b 007535